Name That City (2) - Statistics

General Stats
  • This quiz has been taken 5 times
  • The average score is 1 of 6
Answer Stats
Picture Answer % Correct
Las Vegas
80%
Lima
40%
Tijuana
20%
Bern
0%
Damascus
0%
Limerick
0%
No matching quizzes found
Score Distribution
Percent of People with Each Score
Percentile by Number Answered
Your Score History
You have not taken this quiz